=LDR 00000nam 2200000 4500 =001 INLIS000000000014251 =005 20130612105530 =008 ***********************************Ind** =035 ##$$0010-061300000014251 =041 ##$$a Ind =082 ##$$a R. 410.8 =090 ##$$a R. 410.8, kri k =100 ##$$a Kridalaksana , Harimurti =245 ##$$a Kamus liguistik, Harimurti Kridalaksana =260 ##$$a 1983 $b Jakarta =300 ##$$a XXXV11 , 238 hlm, 21 cm =650 ##$$a Liguistik - Kamus =850 ##$$a NBPNMAT